Statystyki dla 2- Dom i miasto: część 1/4

Kliknij tutaj aby rozwiązać quiz!

Ogólne statystyki

  • Ten quiz został rozwiązany 16 razy
  • Średni wynik to 15 z 32

Statystyki odpowiedzi

HintOdpowiedź% Poprawnych
łóżkobed
100%
krzesłochair
100%
kuchniakitchen
93%
sofasofa
93%
łazienkabathroom
87%
garażgarage
87%
sypialniabedroom
80%
zamekcastle
80%
pokojerooms
80%
willavilla
80%
biurkodesk
73%
salonliving room
67%
fotelarmchair
53%
meblefurniture
53%
stół i krzesłatable and chairs
47%
szafawardrobe
47%
stolik kawowycoffee table
40%
wiejski domekcottage
33%
drapacz chmurskyscraper
33%
typy domówtypes of homes
33%
strychattic
27%
blok mieszkalnyblock of flats
20%
półka na książkibookcase
13%
szafkacupboard
13%
gospodarstwofarmhouse
13%
dom jednorodzinnydetached house
7%
dom bliźniaksemi-detached house
7%
szafka nocnabedside cabinet
0%
dom parterowybungalow
0%
komodachest of drawers
0%
mieszkanie/domdwelling
0%
dom szeregowyterraced house
0%

Rozkład punktacji

Percentyl według liczby udzielonych odpowiedzi

Procent ludzi z każdym wynikiem

Twoja historia wyników

Nie rozwiązałeś tego quizu